[Event "Polanica Zdroj op-B 56th"]
[Site "Polanica Zdroj"]
[Date "2020.08.21"]
[Round "7"]
[White "Urban, Marek"]
[Black "Bartczak, Hanna"]
[Result "1/2-1/2"]
[WhiteElo "1512"]
[BlackElo "1416"]
[PlyCount "20"]
[EventDate "2020.08.15"]
[EventType "swiss"]
[EventRounds "9"]
[EventCountry "POL"]
[SourceTitle "CBM 198 Extra"]
[Source "ChessBase"]
[SourceDate "2020.11.30"]
[SourceVersion "1"]
[SourceVersionDate "2020.11.30"]
[SourceQuality "1"]

1. d4 f5 2. Nf3 e6 3. Bg5 Nf6 4. e3 d5 5. Nc3 c6 6. Bd3 Bd6 7. Ne5 0-0 8. 0-0 Nbd7 9. f4 Qe8 10. Qe2 Ne4 1/2-1/2

[Event "Wroclaw Anderssen Memorial op 22nd"]
[Site "Wroclaw"]
[Date "2013.06.29"]
[Round "6"]
[White "Michalski, Filip"]
[Black "Urban, Marek"]
[Result "1-0"]
[WhiteElo "1654"]
[BlackElo "1842"]
[PlyCount "51"]
[EventDate "2013.06.29"]
[EventType "swiss (rapid)"]
[EventRounds "9"]
[EventCountry "POL"]
[SourceTitle "CBM 155 Extra"]
[Source "ChessBase"]
[SourceDate "2013.08.26"]
[SourceVersion "1"]
[SourceVersionDate "2013.08.26"]
[SourceQuality "1"]

1. d4 d5 2. c4 c6 3. Nc3 e6 4. e3 Nf6 5. Nf3 Nbd7 6. Bd3 Qc7 7. 0-0 Be7 8. Re1 0-0 9. Qc2 Re8 10. e4 dxe4 11. Nxe4 g6 12. Neg5 Nf8 13. Ne5 Nh5 14. Ngxf7 Bf6 15. Nh6+ Kg7 16. Nhg4 Bxe5 17. Nxe5 Qe7 18. b3 Qf6 19. Bb2 Kg8 20. d5 cxd5 21. Nxg6 Qf7 22. Ne5 Qc7 23. Ng4 Qf4 24. h3 Qg5 25. cxd5 Bd7 26. Re5 1-0